000 00541nam a2200157 4500
005 20260410214814.0
008 -
040 _aBiblioteca LadoV Teorética
_cBiblioteca LadoV Teorética
082 0 4 _a331.51
_bS162a
100 1 _aSaldaña, Carolina
245 1 0 _aAgosto negro :
_bPresas y presos políticos en pie de lucha /
_cpor Carolina Saldaña
260 1 _aMexico :
_bSubVersiones,
_c2016
300 _a170 páginas :
_bfotografías e ilustraciones en blanco y negro;
_c20 x 13.3 cm.
650 4 _aPRISIONERO DE GUERRA
942 _2ddc
_c1
_n0
999 _c4633
_d4633